ՀՀ Գիտությունների ազգային ակադեմիայի հիմնարար գիտական գրադարան  =   Fundamental Scientific Library of NAS RA

Определитель растений Татарской АССР / (Record no. 45894)

MARC details
000 -LEADER
fixed length control field 00910nam a2200241 a 4500
001 - CONTROL NUMBER
control field 000137019
003 - CONTROL NUMBER IDENTIFIER
control field AM-YEHGA
005 - DATE AND TIME OF LATEST TRANSACTION
control field 20250617122833.0
008 - FIXED-LENGTH DATA ELEMENTS--GENERAL INFORMATION
fixed length control field 950720s1979 ru ||||gr|||||||||0|rus|d
040 ## - CATALOGING SOURCE
Original cataloging agency AM-YeHGA
041 0# - LANGUAGE CODE
Language code of text/sound track or separate title rus
090 ## - LOCALLY ASSIGNED LC-TYPE CALL NUMBER (OCLC); LOCAL CALL NUMBER (RLIN)
-- 46640
245 00 - TITLE STATEMENT
Title Определитель растений Татарской АССР /
Statement of responsibility, etc. [Н.Г. Афанасьева, Р.Г. Иванова, З.И. Макарова и др.] ; Науч. ред. М.В. Марков.
260 ## - PUBLICATION, DISTRIBUTION, ETC.
Place of publication, distribution, etc. Казань :
Name of publisher, distributor, etc. Изд-во Казан. ун-та,
Date of publication, distribution, etc. 1979.
300 ## - PHYSICAL DESCRIPTION
Extent 371 с. ;
Dimensions 20 см.
500 ## - GENERAL NOTE
General note Авт. указаны на 3-й с.
650 14 - SUBJECT ADDED ENTRY--TOPICAL TERM
Topical term or geographic name entry element Ботаника
700 1# - ADDED ENTRY--PERSONAL NAME
Personal name Афанасьева, Нина Гавриловна
700 1# - ADDED ENTRY--PERSONAL NAME
Personal name Иванова, Р.Г.
700 1# - ADDED ENTRY--PERSONAL NAME
Personal name Макарова, З.И.
700 1# - ADDED ENTRY--PERSONAL NAME
Personal name Марков, Михаил Васильевич
Relator term ред.
Relationship edt
942 ## - ADDED ENTRY ELEMENTS (KOHA)
Source of classification or shelving scheme Universal Decimal Classification
Koha item type Գրքեր / Books
Holdings
Withdrawn status Lost status Source of classification or shelving scheme Damaged status Not for loan Collection Home library Current library Date acquired Total checkouts Full call number Barcode Date last seen Price effective from Koha item type Public note
    Universal Decimal Classification     General Fundamental Scientific Library Fundamental Scientific Library 21/12/2016   PII/450786 FL0342456 21/12/2016 21/12/2016 Գրքեր / Books 30 Days Loan


ՀՀ ԳԱԱ հիմնարար գիտական գրադարան
ՀՀ,Երևան 0019
Մարշալ Բաղրամյան 24/6
հեռախոս:(374-10) 52-47-50
Հետադարձ կապ

All site content, except where otherwise noted, is licensed under a
Creative Commons License